| 000 | 00395cam a2200181 4500 | ||
|---|---|---|---|
| 001 | D12613 | ||
| 008 | 090401t1937 xxu||||| |||| 00| 0 eng d | ||
| 035 | _a(Sirsi) u4693 | ||
| 041 | _aeng | ||
| 100 | _aDebenham, F. | ||
| 245 | _aExercises in cartography | ||
| 260 |
_aLondon _bBlackie _c1937 |
||
| 300 | _a135p | ||
| 350 | _a0 | ||
| 520 | _aShelf 179 | ||
| 942 | _n0 | ||
| 948 | _c04/03/1997 | ||
| 999 |
_c86050 _d86050 |
||